| 000 | 00499cam a2200205ua 4500 | ||
|---|---|---|---|
| 020 |
_a90 6191 1737 _c2400.00 |
||
| 041 |
_aeng _h |
||
| 082 |
_a627.83 _bGOL/DE |
||
| 100 | _aGoldin, AL . | ||
| 245 |
_aDesign of earthdams / _cA L Goldin. _hTextual Documents |
||
| 260 |
_aUSA : _bA A Balkema , _c1987. |
||
| 300 | _a328 ; . | ||
| 365 | _a2400.00 | ||
| 500 | _a* CSS | ||
| 504 | _a | ||
| 700 | 1 | _aRasskazov, L N . | |
| 700 | 1 | _aZeidler, . | |
| 942 | _cBK | ||
| 999 |
_c9426 _d9426 |
||